ბათუმის შოთა რუსთაველის სახელმწიფო უნივერსიტეტის ბიბლიოთეკა

Essentials of Medical Physiology: (ბიბ.ჩანაწერი № 62446)

000 -LEADER
fixed length control field 00764nam a22002057a 4500
005 - DATE AND TIME OF LATEST TRANSACTION
control field 20241104174112.0
008 - FIXED-LENGTH DATA ELEMENTS--GENERAL INFORMATION
fixed length control field 241104s2023 enk||||| |||| 00| 0 eng d
020 ## - INTERNATIONAL STANDARD BOOK NUMBER
International Standard Book Number 9789356963269x
041 ## - LANGUAGE CODE
Language code of text/sound track or separate title eng
080 ## - UNIVERSAL DECIMAL CLASSIFICATION NUMBER
Universal Decimal Classification number 612 S-46
100 ## - MAIN ENTRY--PERSONAL NAME
Personal name Sembulingam, K.
9 (RLIN) 8336
245 ## - TITLE STATEMENT
Title Essentials of Medical Physiology:
Remainder of title With Free Review of Medical Physiology /
Statement of responsibility, etc. K. Sembulingam, P. Sembulingam.
250 ## - EDITION STATEMENT
Edition statement 9th Edition
264 ## - PRODUCTION, PUBLICATION, DISTRIBUTION, MANUFACTURE, AND COPYRIGHT NOTICE
Place of production, publication, distribution, manufacture New Delhi :
Name of producer, publisher, distributor, manufacturer Jaypee Brothers Medical Publishers,
Date of production, publication, distribution, manufacture, or copyright notice 2023.
300 ## - PHYSICAL DESCRIPTION
Extent 999 p.:
Other physical details ill.;
Dimensions 37 cm.
653 ## - INDEX TERM--UNCONTROLLED
keyword სამედიცინო ფიზიოლოგიის საფუძვლები
653 ## - INDEX TERM--UNCONTROLLED
keyword მედიცინა
710 ## - ADDED ENTRY--CORPORATE NAME
Corporate name or jurisdiction name as entry element Sembulingam. P.
Date of meeting or treaty signing ავტორი
9 (RLIN) 23621
942 ## - ADDED ENTRY ELEMENTS (KOHA)
Source of classification or shelving scheme
Koha item type წიგნი
ეგზემპლარები
Withdrawn status Lost status Source of classification or shelving scheme Damaged status Not for loan Permanent Location Current Location Shelving location Date acquired Cost, normal purchase price Full call number Barcode Date last seen Copy number Price effective from Koha item type Public note
          ბათუმის შოთა რუსთაველის სახელმწიფო უნივერსიტეტის მთავარი ბიბლიოთეკა ბათუმის შოთა რუსთაველის სახელმწიფო უნივერსიტეტის მთავარი ბიბლიოთეკა წიგნსაცავი 2024-11-04 156.00 612 S-46 69572 2024-11-04 69572 2024-11-04 წიგნი 156 ლ.
          ბათუმის შოთა რუსთაველის სახელმწიფო უნივერსიტეტის მთავარი ბიბლიოთეკა ბათუმის შოთა რუსთაველის სახელმწიფო უნივერსიტეტის მთავარი ბიბლიოთეკა წიგნსაცავი 2024-11-04 156.00 612 S-46 69573 2024-11-04 69573 2024-11-04 წიგნი 156 ლ.
          ბათუმის შოთა რუსთაველის სახელმწიფო უნივერსიტეტის მთავარი ბიბლიოთეკა ბათუმის შოთა რუსთაველის სახელმწიფო უნივერსიტეტის მთავარი ბიბლიოთეკა წიგნსაცავი 2024-11-04 156.00 612 S-46 69574 2024-11-04 69574 2024-11-04 წიგნი 156 ლ.
          ბათუმის შოთა რუსთაველის სახელმწიფო უნივერსიტეტის მთავარი ბიბლიოთეკა ბათუმის შოთა რუსთაველის სახელმწიფო უნივერსიტეტის მთავარი ბიბლიოთეკა წიგნსაცავი 2024-11-04 156.00 612 S-46 69575 2024-11-04 69575 2024-11-04 წიგნი 156 ლ.
          ბათუმის შოთა რუსთაველის სახელმწიფო უნივერსიტეტის მთავარი ბიბლიოთეკა ბათუმის შოთა რუსთაველის სახელმწიფო უნივერსიტეტის მთავარი ბიბლიოთეკა წიგნსაცავი 2024-11-04 156.00 612 S-46 69576 2024-11-04 69576 2024-11-04 წიგნი 156 ლ.